El problema mente-cerebro: un enfoque psicobiológico

Сохранить в:
Библиографические подробности
Главный автор: Bunge, Mario (Автор)
Формат:
Язык:испанский
Опубликовано: Madrid Tecnos 1988
Редактирование:2a. ed
Серии:Serie Filosofía y Ensayo
Предметы:
Метки: Добавить метку
Нет меток, Требуется 1-ая метка записи!

MARC

LEADER 00000nam a2200000 a 4500
001 UCP6829
003 CL-VaPUC
008 991119e19880000SP |||||||||||||||||spa|d
082 0 4 |a 128.2  |b BUN  |2 21 
100 0 |a Bunge, Mario  |e author  |9 436129 
245 1 3 |a El problema mente-cerebro: un enfoque psicobiológico 
250 |a 2a. ed 
300 |a 261 p 
942 |c BK 
945 |d 19991119 00:00:00  |a rbrito 
260 |a Madrid  |b Tecnos  |c 1988 
650 0 |a Psicología del aprendizaje  |9 306854 
650 0 |a Cerebro   |9 307262 
650 0 |a Conciencia  |9 309452 
650 0 |a Memoria  |9 266549 
650 0 |a Mente  |9 330838 
650 0 |a Conducta  |9 269782 
650 0 |a Personalidad   |9 307255 
583 |a last modification  |c 19991119 00:00:00  |k Rodrigo Vera 
490 0 |a Serie Filosofía y Ensayo 
999 |c 284256  |d 284254 
952 |0 0  |1 0  |4 0  |6 128_200000000000000_BUN_1988  |7 0  |8 A  |9 328106  |a BIBEDU  |b BIBEDU  |d 2019-11-20  |i 3578259  |l 1  |o 128.2 BUN 1988  |p 3578259  |r 2025-04-21  |s 2025-04-21  |w 2019-11-20  |y BK  |k PSI